000 00540cam a2200205ua 4500
001 624
005 20260515113211.0
008 110707n ii |||gr||||Z||||||eng
040 _cMAIN
082 _a320.3
245 1 _aTulonamulok sorkar aru rajniti
_cby Krioesh Chandra Paul
250 _a1st.
260 _aGuwahati:
_bArun,
_c2007.
300 _a466p:
_c30cm.
653 _aPolitical science
653 _aTulonamulok sarkar aru rajniti
700 _aPaul, Kripesh Chandra.,
_eAuthor.
700 _aNayak, Protul Chandra.
942 _cBK
999 _c554
_d554